| 000 | 00551nam a2200169 i 4500 | ||
|---|---|---|---|
| 001 | 81028 | ||
| 003 | ES-MaACL | ||
| 005 | 20230906174342.0 | ||
| 007 | t| | ||
| 008 | 041102s1985 sp ||||1| spa d | ||
| 245 | 0 | 0 |
_aHomenaje a Luis López Alvarez _b: [la poesía de Luis López Alvarez / _cpor Gustavo Luis Carrera]. |
| 260 |
_a[Valladolid : _bDiputación Provincial de Valladolid, _c1985] |
||
| 300 |
_a24 h. : _bil. ; _c23 cm. |
||
| 504 | _aBibliografía. | ||
| 700 | 1 |
_aCarrera, Gustavo Luis. _935625 |
|
| 852 |
_aES-MaACL _j2135-F-35 _bR.109306 |
||
| 999 |
_c81028 _d81028 |
||